00614nam a2200193 a 450000100060000000300090000600800410001502000150005604000280007108200170009910000250011624500260014126000380016730000080020559001440021365000340035794200120039199900170040321756CO-ViMGA141112s2004 ck r 000 u spa d a846661639X aCO-ViMGAbspacCO-ViMGA04a813.54 B124j1 aBach, Richard93103910aJuan Salvador Gaviota aBarcelona : bEdiciones B, c2004 a127 aForma de adquisición : Donación fact. 8856 - - Precio : 14000 - - Proveedor : Fundación exito - - Fecha de adquisición : Julio 200714aCUENTOS ESTADOUNIDENSES92727 2ddccBK c30312d30312